| 000 | 02023nam a22003015i 4500 | ||
|---|---|---|---|
| 001 | 22383058 | ||
| 005 | 20260421112657.0 | ||
| 008 | 220114s2022 nyu 000 0 eng | ||
| 010 | _a 2022930592 | ||
| 020 |
_a9780192848635 _q(paperback) |
||
| 035 | _a22383058 | ||
| 040 |
_aDLC _beng _erda _cDLC |
||
| 042 | _apcc | ||
| 082 | _a346.022 CHE | ||
| 100 | 1 |
_aChen-Wishart, Mindy, _eauthor. |
|
| 245 | 1 | 0 |
_aContract law / _cMindy Chen-Wishart. |
| 250 | _a7th. | ||
| 263 | _a2205 | ||
| 264 | 1 |
_aNew York : _bOxford University Press, _c2022. |
|
| 300 |
_axxxvii, 659 pages; _c25 cm. |
||
| 336 |
_atext _btxt _2rdacontent |
||
| 365 | _bRs. 6616.00 | ||
| 505 | _aPart I: Introduction: 1:Introduction - Part II: Contract Formation: 2:Agreement - 3:Enforceability: consideration, promissory estoppel, formalities - Part III: Privity: 4:Privity - Part IV: 'Vitiating' Factors: 5:Misrepresentation and non-disclosure - 6:Mistake - 7:Frustration - 8:Duress - 9:Unfairness: undue influence, non-commercial guarantees, unconscionable bargains - Part V: The Contents of Contracts: 10:Identifying and interpreting contractual terms - 11:Direct control over terms - Part VI: Breach and Remedies for Breach: 12:Breach of contract and termination - 13:Damages - 14:Specific and agreed remedies - Part VII: Good Faith: 15:Good faith. | ||
| 520 | _aWritten by a leading contract lawyer with extensive teaching experience, Contract Law takes a unique approach to a complex subject. Chen-Wishart combines academic rigour with an innovative visual approach, presenting the law with diagrams, flowcharts and tables to provide students with a stimulating account of key principles and an engaging analysis of the complexities of contract law. Thought-provoking analytical features, such as the 'Pause for reflection' and 'Counterpoint' boxes, encourage active and critical engagement with the topics. | ||
| 906 |
_a0 _bibc _corignew _d2 _eepcn _f20 _gy-gencatlg |
||
| 942 |
_2ddc _cBK |
||
| 999 |
_c217939 _d217939 |
||